Movies at the Half-Hour Mark (Horror) Quiz Stats

 Plays Quiz not verified by Sporcle

Challenge
Share
Tweet
Score 0/20 Timer 05:00
3 Plays Today
% Correct
Scream
98.1%
Jaws
97.4%
Frankenstein
92.5%
Paranormal Activity
89.3%
Psycho
88.5%
Shaun of the Dead
84.9%
The Rocky Horror Picture Show
82.6%
The Blair Witch Project
78.8%
The Shining
78.3%
Alien
74.3%
% Correct
Evil Dead II
64.2%
The Thing
60%
The Ring
53.9%
Rosemary's Baby
53.4%
It Follows
32.3%
The Exorcist
21.3%
Dawn of the Dead
18.2%
Videodrome
18.1%
An American Werewolf in London
15.7%
Suspiria
12.2%

You're not logged in!

Compare scores with friends on all Sporcle quizzes.
Join for Free
OR
Log In

You Might Also Like...

Show Comments

Extras

Top Quizzes Today


Score Distribution

Your Account Isn't Verified!

In order to create a playlist on Sporcle, you need to verify the email address you used during registration. Go to your Sporcle Settings to finish the process.

Report this User

Report this user for behavior that violates our Community Guidelines.

Details: